コンテンツを見る
処理一覧
ログアウト
ログイン
言語
English
Deutsch
Español
Français
Italiano
日本語
Nederlands
Português
Português (Brasil)
中文(简体)
中文(繁體)
Türkçe
עברית
Gaeilge
Cymraeg
Ελληνικά
Català
Euskara
Русский
Čeština
Suomi
Svenska
polski
Dansk
slovenščina
اللغة العربية
বাংলা
Galego
Tiếng Việt
Hrvatski
हिंदी
全フィールド
タイトル
著者
主題
請求記号
ISBN/ISSN
タグ
検索
詳細検索
The conscious reader
MARC表示
この資料を引用
この資料をメール
印刷
エクスポート
エクスポート先: RefWorks
エクスポート先: EndNoteWeb
エクスポート先: EndNote
エクスポート先: MARC
エクスポート先: MARCXML
エクスポート先: RDF
エクスポート先: BibTeX
エクスポート先: RIS
お気に入りに追加
The conscious reader
保存先:
書誌詳細
第一著者:
C Shiodes
フォーマット:
図書
言語:
Undetermined
出版事項:
New York
Macmillan
1960
主題:
readers
タグ:
タグ追加
タグなし, このレコードへの初めてのタグを付けませんか!
Thư viện lưu trữ:
Trung tâm Học liệu Trường Đại học Cần Thơ
所蔵
その他の書誌記述
コメント
類似資料
MARC表示
LEADER
00414nam a2200169Ia 4500
001
CTU_13743
008
210402s9999 xx 000 0 und d
082
|a
808.042
082
|b
C586
100
|a
C Shiodes
245
4
|a
The conscious reader
245
0
|c
C Shiodes
260
|a
New York
260
|b
Macmillan
260
|c
1960
650
|a
readers
980
|a
Trung tâm Học liệu Trường Đại học Cần Thơ
類似資料
The bedford reader
著者:: X J Kennedy
出版事項: (1982)
The Short Prose Reader /
著者:: Muller, Gilbert H.
出版事項: (2006)
The reader's choice.
出版事項: (2002)
The reader's choice.
出版事項: (2002)
The reader's choice.
出版事項: (2002)
ロード中...